Govt. of
Madhya Pradesh

Growing Fruits And Vegetables (Record no. 2257)

MARC details
000 -LEADER
fixed length control field 004400000a22001810004500
003 - CONTROL NUMBER IDENTIFIER
control field MACL
005 - DATE AND TIME OF LATEST TRANSACTION
control field 20150818164738.0
008 - FIXED-LENGTH DATA ELEMENTS--GENERAL INFORMATION
fixed length control field 150818b xxu||||| |||| 00| 0 eng d
040 ## - CATALOGING SOURCE
Original cataloging agency MACL
Transcribing agency MACL
041 ## - LANGUAGE CODE
Language code of text/sound track or separate title English
082 ## - DEWEY DECIMAL CLASSIFICATION NUMBER
Classification number 580/SHA
100 ## - MAIN ENTRY--PERSONAL NAME
Personal name Sharma. B.B.
9 (RLIN) 6175
245 ## - TITLE STATEMENT
Title Growing Fruits And Vegetables
260 ## - PUBLICATION, DISTRIBUTION, ETC. (IMPRINT)
Place of publication, distribution, etc. New Delhi
Name of publisher, distributor, etc. Publication Division
Date of publication, distribution, etc. 2005
350 ## - PRICE (NR) (BK AM CF MU VM SE) [OBSOLETE]
Price 240
650 ## - SUBJECT ADDED ENTRY--TOPICAL TERM
Topical term or geographic name as entry element Botany
9 (RLIN) 6050
942 ## - ADDED ENTRY ELEMENTS (KOHA)
Koha item type Books
Call number prefix 580
Source of classification or shelving scheme
Holdings
Withdrawn status Lost status Source of classification or shelving scheme Damaged status Not for loan Home library Current library Date acquired Cost, normal purchase price Total Checkouts Full call number Barcode Date last seen Uniform Resource Identifier Price effective from Koha item type
          MACL MACL 18/08/2015 240.00   580/SHA CRE020255 02/05/2024 2251 15/04/2015 Books